Human-Computer Interaction (Record no. 1895)

MARC details
005 - DATE AND TIME OF LATEST TRANSACTION
control field 20250505101715.0
020 ## - INTERNATIONAL STANDARD BOOK NUMBER
International Standard Book Number 978-81-317-1703-5
082 ## - DEWEY DECIMAL CLASSIFICATION NUMBER
Classification number LECT 004.01 DIX
100 ## - MAIN ENTRY--PERSONAL NAME
Author name DIX, A.
245 ## - TITLE STATEMENT
Title Human-Computer Interaction
250 ## - EDITION STATEMENT
Edition statement 3rd Ed.
260 ## - PUBLICATION, DISTRIBUTION, ETC.
Place of publication, distribution, etc. Chennai,
Name of publisher, distributor, etc. Pearson,
Date of publication, distribution, etc. 2004.
300 ## - PHYSICAL DESCRIPTION
Extent xxv,834p,: ill.; figure.
Other physical details Index & reference.
Dimensions 24cm.
700 ## - ADDED ENTRY--PERSONAL NAME
Other authors/Editors FINLAY, J., ABOWD, G. D. & BEALE, R.
856 ## - ELECTRONIC LOCATION AND ACCESS
Link text Access Online Book
Electronic name Human-Computer Interaction
Path www.pearson.co.in
942 ## - ADDED ENTRY ELEMENTS (KOHA)
Source of classification or shelving scheme Dewey Decimal Classification
Koha item type Books
Holdings
Date last seen Total checkouts Full call number Barcode Price effective from Koha item type Lost status Source of classification or shelving scheme Damaged status Not for loan Withdrawn status Home library Current library Shelving location Date acquired Cost, normal purchase price
05/05/2025   LECT 004.01 DIX 0000007367 05/05/2025 Books   Dewey Decimal Classification       College of Business Education Main Library College of Business Education Main Library General Collection 05/19/2017 314075.00